000 00713nam a22001697a 4500
008 131104b xxu||||| |||| 00| 0 eng d
050 _aJZ5578.2
_bW48 2003
245 _aWe the women-- for peace :
_bpeace could be the colour that people choose to wear-
_cBinyavanga Wainaina ... et al.].
260 _aNairobi :
_bHeinrich Böll Foundation, East & Horn of Africa Region, |
_cc2003.
300 _a59 p. :
_bill. (some col.) ;
_c21 cm.
650 _aa Women and peace |z Africa, Eastern |v Exhibitions
650 _aa Women artists |z Kenya |v Exhibitions.
700 _a Anne Nyabera,
_qed.
700 _aBinyavanga Wainaina
_eed.
710 _a Heinrich Böll Foundation (Nairobi, Kenya)
942 _2lcc
_cBK
999 _c42467
_d42467